[Event "Chinese Chess League Men 2019"]
[Site "Daqing"]
[Date "2019.06.20"]
[Round "2.9"]
[White "Lu, Shanglei"]
[Black "Wei, Yi"]
[Result "1/2-1/2"]
[WhiteElo "2624"]
[BlackElo "2741"]
[Annotator "TA"]
[PlyCount "70"]
[EventDate "2019.06.19"]
[EventType "team-tourn"]
[EventCountry "CHN"]
[SourceTitle "playchess.com"]
[Source "ChessBase"]
[SourceQuality "1"]

{[%evp 9,70,6,0,0,7,7,7,0,0,0,0,0,0,0,11,4,4,3,7,9,29,0,0,0,19,0,0,0,10,17,16,0,0,0,0,0,0,0,0,0,0,0,0,0,0,0,0,0,0,-8,-8,-8,-11,-10,0,0,0,0,0,0,0,0,0]} 1. e4 c6 2. Nc3 d5 3. Nf3 Nf6 4. e5 Ne4 5. Nxe4 (5. Ne2 Qb6 6. d4 e6 7. Ng3 c5 8. Bd3 Nxg3 9. hxg3 cxd4 10. Ng5 Nc6 11. Nxh7 Bd7 12. Qe2 O-O-O 13. O-O {0-1 (30) Mamedov,R (2703)-Piorun,K (2634) St Petersburg 2018}) 5... dxe4 6. Ng5 {B11: Caro-Kann: Two Knights Variation} Qd5 7. Qe2 Bf5 8. g4 Bg6 $1 9. Bg2 {[%cal Rg5e4]} Qxe5 10. Nxe4 h5 11. g5 $146 ({Predecessor:} 11. d3 hxg4 12. Qxg4 Nd7 {½-½ (21) Munoz Pantoja,M (2497)-Rasmussen,A (2540) Kollafjord 2017}) 11... Bxe4 12. g6 f5 {[#] And now ...Nd7 would win.} ({Don't blunder} 12... Bxg2 $2 13. Qxe5 Bxh1 14. Qc7 $18) 13. f3 Nd7 14. fxe4 e6 15. exf5 Qxf5 {The position is equal.} 16. Qe4 Bc5 17. c3 Qxe4+ 18. Bxe4 Nf6 19. Bc2 e5 20. d3 O-O-O 21. Bg5 Rd6 22. O-O-O Nd5 $1 23. h4 Be3+ 24. Bxe3 Nxe3 25. Rde1 Ng4 26. Rhf1 Rxg6 27. d4 Rf6 28. Bf5+ Kb8 29. Bxg4 {Strongly threatening Rxf6.} hxg4 30. dxe5 Rxf1 31. Rxf1 Rxh4 $11 {KR-KR} 32. Rf8+ Kc7 33. Rf7+ {[%mdl 64] [#] Double Attack} Kb6 34. Rxg7 Rh5 35. Rxg4 Rxe5 {Accuracy: White = 73%, Black = 75%.} 1/2-1/2

[Event "Chinese Chess League Men 2019"]
[Site "Daqing"]
[Date "2019.06.20"]
[Round "2.10"]
[White "Lin, Chen"]
[Black "Xu, Minghui"]
[Result "1/2-1/2"]
[WhiteElo "2497"]
[BlackElo "2368"]
[Annotator "ChessBase"]
[PlyCount "60"]
[EventDate "2019.06.19"]
[EventType "team-tourn"]
[EventCountry "CHN"]
[SourceTitle "playchess.com"]
[Source "ChessBase"]
[SourceQuality "1"]
[TimeControl "5400+30"]

1. e4 {[%emt 0:00:00]} e5 {[%emt 0:00:00]} 2. Nf3 {[%emt 0:00:00]} Nc6 {[%emt 0:00:00]} 3. Bb5 {[%emt 0:00:29]} a6 {[%emt 0:00:33]} 4. Ba4 {[%emt 0:00:08]} Nf6 {[%emt 0:00:07]} 5. O-O {[%emt 0:00:27]} Be7 {[%emt 0:00:13]} 6. Bxc6 {[%emt 0:00:53]} dxc6 {[%emt 0:00:11]} 7. Qe1 {[%emt 0:00:10]} c5 {[%emt 0:00:22]} 8. Nxe5 {[%emt 0:00:56]} Qd4 {[%emt 0:00:44]} 9. Nf3 {[%emt 0:00:08]} Qxe4 {[%emt 0:00:06]} 10. Qxe4 {[%emt 0:00:05]} Nxe4 {[%emt 0:00:05]} 11. Re1 {[%emt 0:00:19]} Nf6 {[%emt 0:07:06]} 12. b3 {[%emt 0:01:39]} Bg4 {[%emt 0:17:52]} 13. Ba3 {[%emt 0:14:44]} Nd7 {[%emt 0:11:14]} 14. Nc3 {[%emt 0:09:55]} Bxf3 {[%emt 0:05:51]} 15. gxf3 {[%emt 0:02:03]} Kd8 {[%emt 0:00:24]} 16. d4 {[%emt 0:02:44]} Bf6 {[%emt 0:04:27]} 17. Nd5 {[%emt 0:01:06]} Bxd4 {[%emt 0:13:46]} 18. Rad1 {[%emt 0:00:07]} a5 {[%emt 0:08:57]} 19. c3 {[%emt 0:18:43]} Bf6 {[%emt 0:00:24]} 20. Bxc5 {[%emt 0:00:28]} Kc8 {[%emt 0:01:51]} 21. Be3 {[%emt 0:00:36]} Ne5 {[%emt 0:04:56]} 22. Kg2 {[%emt 0:02:53]} Ng6 {[%emt 0:00:44]} 23. f4 {[%emt 0:05:11]} Ra6 {[%emt 0:01:36]} 24. Kh3 {[%emt 0:06:02]} Ne7 {[%emt 0:07:57]} 25. c4 {[%emt 0:06:28]} Rd8 {[%emt 0:02:40]} 26. Nxe7+ {[%emt 0:01:36]} Bxe7 {[%emt 0:00:09]} 27. Rxd8+ {[%emt 0:00:08]} Kxd8 {[%emt 0:00:08]} 28. Rd1+ {[%emt 0:00:07]} Rd6 {[%emt 0:00:08]} 29. Rxd6+ {[%emt 0:00:17]} Bxd6 {[%emt 0:00:06]} 30. Kg4 {[%emt 0:00:47]} Kd7 {[%emt 0:00:13]} 1/2-1/2

[Event "Chinese Chess League Men 2019"]
[Site "Daqing"]
[Date "2019.06.20"]
[Round "2.11"]
[White "Lan, Zilun"]
[Black "Yu, Ruiyuan"]
[Result "1-0"]
[WhiteElo "2352"]
[BlackElo "2471"]
[Annotator "ChessBase"]
[PlyCount "22"]
[EventDate "2019.06.19"]
[EventType "team-tourn"]
[EventCountry "CHN"]
[SourceTitle "playchess.com"]
[Source "ChessBase"]
[SourceQuality "1"]
[TimeControl "5400+30"]

1. d4 {[%emt 0:00:00]} Nf6 {[%emt 0:00:00]} 2. c4 {[%emt 0:03:52]} e6 {[%emt 0:08:47]} 3. Nf3 {[%emt 0:00:57]} b6 {[%emt 0:01:55]} 4. g3 {[%emt 0:01:02]} Bb7 {[%emt 0:00:55]} 5. Bg2 {[%emt 0:00:03]} Be7 {[%emt 0:00:22]} 6. Nc3 {[%emt 0:00:09]} O-O {[%emt 0:00:28]} 7. Qc2 {[%emt 0:00:21]} c5 {[%emt 0:02:56]} 8. O-O {[%emt 0:02:11]} cxd4 {[%emt 0:00:37]} 9. Nxd4 {[%emt 0:00:03]} Bxg2 {[%emt 0:00:07]} 10. Kxg2 {[%emt 0:00:04]} Qc8 {[%emt 0:00:12]} 11. b3 {[%emt 0:05:48]} Nc6 {[%emt 0:01:03]} 1-0

[Event "Chinese Chess League Men 2019"]
[Site "Daqing"]
[Date "2019.06.20"]
[Round "2.12"]
[White "Chen, Qi b"]
[Black "Yu, Lie"]
[Result "0-1"]
[WhiteElo "2453"]
[BlackElo "2315"]
[Annotator "ChessBase"]
[PlyCount "58"]
[EventDate "2019.06.19"]
[EventType "team-tourn"]
[EventCountry "CHN"]
[SourceTitle "playchess.com"]
[Source "ChessBase"]
[SourceQuality "1"]
[TimeControl "5400+30"]

1. e4 {[%emt 0:00:00]} d6 {[%emt 0:00:16]} 2. d4 {[%emt 0:00:08]} g6 {[%emt 0:01:53]} 3. Nc3 {[%emt 0:00:13]} Bg7 {[%emt 0:00:36]} 4. f4 {[%emt 0:00:32]} Nf6 {[%emt 0:01:02]} 5. Nf3 {[%emt 0:00:38]} O-O {[%emt 0:03:23]} 6. a3 {[%emt 0:01:26]} b6 {[%emt 0:04:36]} 7. e5 {[%emt 0:14:34]} dxe5 {[%emt 0:13:51]} 8. dxe5 {[%emt 0:01:54]} Qxd1+ {[%emt 0:01:06]} 9. Nxd1 {[%emt 0:02:17]} Ne4 {[%emt 0:03:34]} 10. Be3 {[%emt 0:07:09]} Bb7 {[%emt 0:07:25]} 11. Nf2 {[%emt 0:10:49]} Nd7 {[%emt 0:09:22]} 12. Bc4 {[%emt 0:06:41]} Ndc5 {[%emt 0:05:43]} 13. Nd3 {[%emt 0:06:52]} Rad8 {[%emt 0:13:24]} 14. Ke2 {[%emt 0:03:11]} e6 {[%emt 0:01:38]} 15. Rhd1 {[%emt 0:03:47]} Rfe8 {[%emt 0:03:46]} 16. g4 {[%emt 0:05:35]} Bf8 {[%emt 0:03:13]} 17. Nd4 {[%emt 0:06:18]} b5 {[%emt 0:05:37]} 18. Rab1 {[%emt 0:20:29]} a6 {[%emt 0:01:08]} 19. Ba2 {[%emt 0:00:00]} Na4 {[%emt 0:00:29]} 20. Nb3 {[%emt 0:01:43]} Bd5 {[%emt 0:05:37]} 21. Ke1 {[%emt 0:01:51]} c5 {[%emt 0:00:53]} 22. Nbc1 {[%emt 0:00:13]} c4 {[%emt 0:01:11]} 23. Nf2 {[%emt 0:01:08]} Nxf2 {[%emt 0:01:31]} 24. Kxf2 {[%emt 0:00:08]} Be4 {[%emt 0:00:42]} 25. Rxd8 {[%emt 0:00:54]} Rxd8 {[%emt 0:00:10]} 26. Ne2 {[%emt 0:00:27]} Bxc2 {[%emt 0:00:07]} 27. Rc1 {[%emt 0:00:04]} Nxb2 {[%emt 0:01:49]} 28. Rxc2 {[%emt 0:02:33]} Nd1+ {[%emt 0:00:05]} 29. Kf3 {[%emt 0:00:03]} Rd3 {[%emt 0:00:08]} 0-1

[Event "Chinese Chess League Men 2019"]
[Site "Daqing"]
[Date "2019.06.21"]
[Round "3.1"]
[White "Bu, Xiangzhi"]
[Black "Yu, Yangyi"]
[Result "1/2-1/2"]
[WhiteElo "2729"]
[BlackElo "2738"]
[Annotator "TA"]
[PlyCount "62"]
[EventDate "2019.06.19"]
[EventType "team-tourn"]
[EventCountry "CHN"]
[SourceTitle "playchess.com"]
[Source "ChessBase"]
[SourceQuality "1"]

{[%evp 18,62,29,19,9,19,23,15,17,13,15,15,15,10,11,14,8,8,8,5,10,10,10,8,10,10,11,0,6,0,0,0,0,0,0,0,0,0,0,0,0,0,0,0,0,0,0]} 1. Nf3 d5 $146 ({Predecessor:} 1... Nf6 2. c4 e6 3. Nc3 d5 {½-½ (31) Bu,X (2718)-Wei,Y (2734) Hangzhou 2018}) 2. d4 Nf6 3. c4 e6 4. Nc3 Bb4 5. Bg5 h6 6. Bxf6 Qxf6 7. e3 O-O 8. Rc1 dxc4 9. Bxc4 c5 10. O-O {next Ne4 is good for White.} cxd4 {D38: Queen's Gambit Declined: Ragozin Defence (4 Nf3 Bb4)} 11. Ne4 Qe7 12. a3 Ba5 {The position is equal.} 13. Qxd4 Rd8 14. Qc5 Qxc5 15. Nxc5 Nd7 16. Nb3 Bb6 17. a4 (17. Be2 Nf6 18. Ne5 {½-½ (52) Bu,X (2710)-Yu,Y (2744) Huocheng County 2017}) 17... Nf6 18. Be2 {[#] Hoping for a5.} a5 19. Ne5 Bd7 20. Nxd7 Rxd7 21. Rfd1 Rxd1+ 22. Rxd1 Rd8 23. Rxd8+ Bxd8 $11 {[%mdl 4096] Endgame KBN-KBN} 24. Kf1 Ne4 25. Bf3 Nd6 $1 26. Nc5 b6 27. Nb7 Nxb7 28. Bxb7 Kf8 29. Ke2 Ke7 30. Kd3 Kd6 31. b3 Ke5 {Accuracy: White = 86%, Black = 79%.} 1/2-1/2

[Event "Chinese Chess League Men 2019"]
[Site "Daqing"]
[Date "2019.06.21"]
[Round "3.2"]
[White "Li, Chao b"]
[Black "Zhao, Jun"]
[Result "1/2-1/2"]
[WhiteElo "2698"]
[BlackElo "2625"]
[Annotator "TA"]
[PlyCount "100"]
[EventDate "2019.06.19"]
[EventType "team-tourn"]
[EventCountry "CHN"]
[SourceTitle "playchess.com"]
[Source "ChessBase"]
[SourceQuality "1"]

{[%evp 15,100,11,18,14,27,25,13,23,26,8,22,24,11,14,0,5,20,21,21,31,37,35,27,31,105,113,108,95,101,102,108,96,108,102,106,114,110,116,126,110,151,99,110,100,93,93,130,131,124,132,127,107,177,152,153,141,141,68,210,207,202,97,113,113,116,111,106,0,0,0,45,0,0,0,0,0,0,0,0,0,0,0,0,0,0,0,0]} 1. d4 Nf6 2. c4 e6 3. Nc3 Bb4 4. Qc2 c5 $146 ({Predecessor:} 4... O-O 5. Nf3 c5 {½-½ (46) Erdos,V (2647)-Swiercz,D (2613) Budapest 2014}) 5. dxc5 O-O 6. Nf3 Na6 7. g3 Nxc5 8. Bg2 b6 9. O-O {E39: Nimzo-Indian: Classical: 4...c5 5 dxc5 0-0} Bb7 10. Nb5 {Hoping for a3.} Be4 11. Qd1 {Black must now prevent a3.} Nb7 12. Bf4 a6 13. Nd6 Bxd6 14. Bxd6 Nxd6 15. Qxd6 Qb8 16. Rfd1 Rc8 17. Ne5 Bxg2 18. Kxg2 Rc7 19. f3 Ne8 ({Better is} 19... Qb7 $14) 20. Qe7 $16 ({Much worse is} 20. Nxd7 Nxd6 21. Nxb8 Rxb8 $11) 20... d5 {[#]} 21. Nd7 $1 {[%csl Gd7][%cal Re7f8]} Nf6 22. Nxf6+ ({Not} 22. Nxb8 Rxe7 23. Nc6 Rc7 $15) 22... gxf6 23. Qxf6 {Threatens to win with Qg5+.} Rxc4 24. Qg5+ Kh8 25. Rac1 Qg8 26. Qe3 {aiming for Rxc4.} b5 27. b3 Rcc8 28. Qb6 (28. Rd4 $142) 28... h6 29. Rxc8 Qxc8 {[%mdl 4096] Endgame KQR-KQR} 30. Qe3 $40 {[%mdl 128] White wants a kill.} Kg7 31. Rd4 Qf8 32. a4 bxa4 33. Rxa4 Qe7 (33... Qd6 $16) 34. Qc3+ ({Don't do} 34. Rg4+ $6 Kh7 $16) 34... Kh7 35. Qc6 Ra7 36. Qc8 (36. Qc2+ $16 f5 37. Qd3) 36... Qb7 {[#]} (36... Qc7 $1 $14 37. Qxc7 Rxc7) 37. Qc2+ $1 $18 f5 38. Ra5 (38. Qc5 $18 {and White stays clearly on top.}) 38... Qb6 39. Rc5 a5 40. g4 Rf7 41. h3 (41. gxf5 $16 {f6+ would kill now.} Rxf5 42. Rxd5) 41... h5 $1 $11 42. e3 Kh6 43. Qc3 {Threatening mate with Qh8+.} fxg4 {The position is equal.} 44. hxg4 hxg4 45. Rc6 gxf3+ 46. Kf2 $1 Qb8 47. Rxe6+ Kg5 {( -> ...Qh2+)} 48. Qe5+ Qxe5 49. Rxe5+ Rf5 50. Re7 Kg4 {Accuracy: White = 64%, Black = 57%.} 1/2-1/2

[Event "Chinese Chess League Men 2019"]
[Site "Daqing"]
[Date "2019.06.21"]
[Round "3.3"]
[White "Wen, Yang"]
[Black "Xiu, Deshun"]
[Result "*"]
[WhiteElo "2588"]
[BlackElo "2538"]
[Annotator "TA"]
[PlyCount "34"]
[EventDate "2019.06.19"]
[EventType "team-tourn"]
[EventCountry "CHN"]
[SourceTitle "playchess.com"]
[Source "ChessBase"]
[SourceQuality "1"]

{[%evp 10,34,30,18,27,18,6,4,22,4,13,8,9,9,14,8,10,19,22,10,29,16,38,37,43,43,48]} 1. e4 c6 2. Nc3 d5 3. Nf3 dxe4 4. Nxe4 Nf6 5. Qe2 Nxe4 6. Qxe4 Qa5 {B11: Caro-Kann: Two Knights Variation} 7. b4 $146 ({Predecessor:} 7. Bd3 Na6 8. Qe5 Qxe5+ 9. Nxe5 Nb4 10. Be4 f6 11. c3 Nd5 12. Nf3 a5 13. d4 a4 14. Bd2 {½-½ (41) Adams,M (2703)-Howell,D (2696) London 2018}) 7... Qd5 8. Qe3 Bf5 {The position is equal.} 9. c4 Qe4 10. Bb2 e6 11. Bc3 Nd7 12. Be2 Be7 13. d3 Qxe3 14. fxe3 Bf6 15. Kd2 Rd8 16. Bxf6 Nxf6 17. Kc3 O-O {Accuracy: White = 67%, Black = 70%.} *

[Event "Chinese Chess League Men 2019"]
[Site "Daqing"]
[Date "2019.06.21"]
[Round "3.4"]
[White "Yuan, Qingyu"]
[Black "Liu, Qingnan"]
[Result "1-0"]
[WhiteElo "2355"]
[BlackElo "2551"]
[Annotator "TA"]
[PlyCount "77"]
[EventDate "2019.06.19"]
[EventType "team-tourn"]
[EventCountry "CHN"]
[SourceTitle "playchess.com"]
[Source "ChessBase"]
[SourceQuality "1"]

{[%evp 9,87,45,55,35,46,50,58,48,79,70,96,48,88,60,102,89,93,79,95,99,250,239,238,245,234,192,200,187,182,200,179,166,200,207,207,175,198,143,143,141,134,118,110,110,122,118,134,131,190,193,265,290,328,320,362,341,497,478,708,475,777,770,874,889,1383,1256,29980,4886,29978,1453,1447,1440,1410,1412,1358,1311,6403,10013,29983,29984]} 1. Nf3 g6 2. d4 Bg7 3. e4 d6 4. Bc4 e6 5. O-O b6 (5... Ne7 6. Re1 a6 7. c3 O-O 8. Be3 Nd7 9. Nbd2 h6 10. Nf1 d5 11. exd5 Nb6 12. Bd3 Nbxd5 13. Bd2 Nf5 {½-½ (54) Nihal,S (2572)-Adhiban,B (2668) Douglas 2018}) 6. a4 $146 {B06: Modern Defence} ({Predecessor:} 6. Bb3 Bb7 7. Re1 Nd7 8. Nbd2 Ne7 9. Nf1 h6 10. Ng3 a6 11. c3 c5 12. Bf4 cxd4 13. cxd4 {1-0 (37) Parligras,M (2511)-Badea,B (2508) Predeal 2006}) 6... Ne7 7. a5 Bb7 8. d5 {White is slightly better.} e5 9. Bb5+ Nd7 10. c4 O-O 11. b4 h6 12. Nc3 f5 13. Nd2 Nf6 14. c5 a6 $2 (14... bxc5 $16 {was called for.} 15. bxc5 fxe4) 15. c6 $18 Bc8 16. axb6 cxb6 17. Qe2 Kh7 18. Rd1 ({Resist} 18. Bxa6 $6 fxe4 19. Qc4 (19. Ndxe4 Nxe4 20. Nxe4 Nxd5 $14) 19... Bxa6 $16) 18... fxe4 19. Ndxe4 Nf5 {White should prevent ...Nd4.} 20. Nxf6+ ({Weaker is} 20. Bxa6 Nd4 $11) 20... Qxf6 21. Ne4 Qh4 {intending ...Nd4.} 22. g3 Qe7 23. Bc4 ({But not} 23. Bxa6 $6 Nd4 $14) (23. Be3 $18) 23... Ra7 $16 24. Be3 Nd4 25. Bxd4 exd4 26. Ra3 $36 {[%mdl 2048] White has strong initiative.} b5 27. Ba2 Bf5 28. Re1 Qd8 (28... Kh8 $16 {was worth a try.} 29. f3 g5) 29. Bb1 $18 Ra8 (29... Re8 $142 30. f3 Re5) 30. Bd3 Re8 31. Qa2 Qb6 32. Re2 Bg4 (32... Red8 {might work better.} 33. f3 Ra7) 33. Nxd6 Rf8 (33... Rxe2 $142 34. Bxe2 Bh3) 34. Re4 Bh3 (34... h5 $142 35. Re1 Qd8) 35. Rh4 Qd8 {[#]} 36. Bxg6+ $1 {[%mdl 512]} Kxg6 37. Qc2+ Kf6 38. Rf3+ Ke7 {[#]} 39. Nc8+ {Played: Qc2-c5} 1-0

[Event "Chinese Chess League Men 2019"]
[Site "Daqing"]
[Date "2019.06.21"]
[Round "3.5"]
[White "Wei, Yi"]
[Black "Xu, Xiangyu"]
[Result "1/2-1/2"]
[WhiteElo "2741"]
[BlackElo "2583"]
[Annotator "TA"]
[PlyCount "61"]
[EventDate "2019.06.19"]
[EventType "team-tourn"]
[EventCountry "CHN"]
[SourceTitle "playchess.com"]
[Source "ChessBase"]
[SourceQuality "1"]

{[%evp 11,61,-2,6,0,7,6,6,10,10,10,10,10,10,10,10,6,10,0,6,6,6,6,19,16,19,16,18,12,16,18,27,9,9,10,10,10,10,10,9,11,9,0,0,0,8,0,0,0,15,0,0,0]} 1. e4 e5 2. Nf3 Nf6 3. Nxe5 d6 4. Nc4 Nxe4 5. Qe2 Qe7 6. Ne3 Nf6 7. Nc3 {C42: Petroff Defence: 3 Nxe5 and unusual White 3rd moves} Nc6 $146 {[%cal Bb8c6,Bc6d4,Bd4c2][%mdl 32]} ({Predecessor:} 7... c6 8. d4 g6 9. Bd2 Bg7 10. Nc4 Qxe2+ 11. Bxe2 d5 12. Nd6+ Ke7 13. Bf4 Rd8 14. Nxc8+ Rxc8 {½-½ (50) Wei,Y (2753)-Yu,Y (2744) Huocheng County 2017}) 8. Ncd5 Nxd5 9. Nxd5 Qxe2+ $1 10. Bxe2 Nd4 11. Nxc7+ Kd8 12. Nxa8 {Threatens to win with Bd1.} Nxc2+ {[%mdl 64] [#] Double Attack} 13. Kd1 $1 {[%cal Rd1c2]} Nxa1 14. d3 Be6 15. Be3 {And now Kd2 would win.} Bxa2 16. Bxa7 Be7 17. Bf3 Bf6 18. Bxb7 Bxb2 19. Re1 Bb3+ 20. Kd2 {[#] Hoping for Rb1.} Be6 $1 21. Rb1 Nb3+ $1 {The position is equal.} 22. Kc2 Bd4 23. Bxd4 Nxd4+ 24. Kc3 Ne2+ 25. Kd2 Nd4 26. Ke3 Nf5+ 27. Kd2 Nd4 28. Kc3 Ne2+ 29. Kd2 Nd4 30. Ke3 Nf5+ 31. Kd2 {Accuracy: White = 62%, Black = 94%.} 1/2-1/2

[Event "Chinese Chess League Men 2019"]
[Site "Daqing"]
[Date "2019.06.21"]
[Round "3.6"]
[White "Li, Di"]
[Black "Lin, Chen"]
[Result "1-0"]
[WhiteElo "2535"]
[BlackElo "2497"]
[Annotator "TA"]
[PlyCount "65"]
[EventDate "2019.06.19"]
[EventType "team-tourn"]
[EventCountry "CHN"]
[SourceTitle "playchess.com"]
[Source "ChessBase"]
[SourceQuality "1"]

{[%evp 9,65,-22,21,0,1,0,8,0,0,0,101,121,199,143,159,138,278,248,231,151,123,104,97,104,99,112,120,103,106,120,182,147,187,200,190,78,97,43,43,46,57,12,83,56,111,94,87,108,204,194,422,407,404,415,397,396,399,377]} 1. e4 c6 2. d4 d5 3. f3 e6 4. Nc3 Bb4 5. Bf4 Ne7 (5... Nf6 6. Qd3 b6 7. O-O-O Ba6 8. Qe3 Bxf1 9. Rxf1 O-O 10. Nge2 c5 11. exd5 Bxc3 12. Nxc3 Nxd5 13. Qe4 Nc6 14. dxc5 Nxc3 15. bxc3 {1-0 (60) Ivanchuk,V (2717)-Petrosyan,M (2565) Sitges 2018}) 6. Nge2 {B12: Caro-Kann: Advance Variation} O-O 7. a3 Ba5 8. h4 {The position is equal.} Nd7 9. h5 c5 $146 (9... h6 $11 {remains equal.}) ({Predecessor:} 9... Re8 10. Qd2 b5 11. O-O-O b4 12. axb4 Bxb4 13. Qe3 {0-1 (31) Korshunov,I (2421)-Krzyzanowski,A (2340) ICCF email 2012}) 10. h6 $16 {Hoping for hxg7.} cxd4 (10... g6 $16 {was called for.}) 11. hxg7 ({Inferior is} 11. Nxd4 e5 $15) (11. Qxd4 $18 {[%csl Gh6][%cal Rd4g7]} e5 12. Bxe5) 11... Re8 12. Qxd4 Ng6 (12... e5 $16 13. Qf2 (13. Bxe5 dxe4 14. Bf4 Nf5 $16) 13... exf4) 13. Bh6 $18 dxe4 14. Qxe4 Nf6 15. Qc4 {Strongly threatening b4.} e5 16. Bg5 Be6 17. Qa4 b5 18. Qxb5 {Threatens to win with Rd1.} Rb8 19. Qa4 Kxg7 (19... Bd7 $16 20. Bxf6 Bxa4 21. Bxd8 Rexd8) 20. Rd1 Qc7 21. b4 Bb6 22. Bxf6+ (22. Nb5 $1 $18 {[%cal Rb5c7] and White stays clearly on top.} Qc6 23. Rd6) 22... Kxf6 $16 {[#]} 23. Rxh7 ({White should try} 23. Nb5 $1 $16 {[%cal Rb5c7]} Qe7 24. Nd6 (24. Rxh7 Rh8 $11)) 23... Red8 $14 24. Ne4+ Ke7 25. c3 {aiming for N2g3.} Be3 (25... Nf8 $1 $11 {keeps the balance.} 26. Rh5 f5) 26. g4 Rxd1+ (26... Qb6 $14) 27. Qxd1 $16 {Black must now prevent Qd3.} Rd8 {[#]} 28. Qc2 $1 Qc6 (28... Kf8 $16) 29. N2g3 {And now Nf5+ would win.} Nf4 $2 (29... Qd7 30. Qe2 Bg1) 30. Nf5+ $18 Bxf5 {White is winning.} 31. gxf5 Qd5 32. f6+ Kd7 33. Qd1 {Accuracy: White = 61%, Black = 42%.} 1-0

[Event "Chinese Chess League Men 2019"]
[Site "Daqing"]
[Date "2019.06.21"]
[Round "3.7"]
[White "Xu, Jun"]
[Black "Liu, Guanchu"]
[Result "1/2-1/2"]
[WhiteElo "2481"]
[BlackElo "2462"]
[Annotator "ChessBase"]
[PlyCount "62"]
[EventDate "2019.06.19"]
[EventType "team-tourn"]
[EventCountry "CHN"]
[SourceTitle "playchess.com"]
[Source "ChessBase"]
[SourceQuality "1"]
[TimeControl "5400+30"]

1. d4 {[%emt 0:00:00]} Nf6 {[%emt 0:00:12]} 2. c4 {[%emt 0:01:33]} e6 {[%emt 0:00:37]} 3. Nf3 {[%emt 0:01:44]} b6 {[%emt 0:00:57]} 4. g3 {[%emt 0:01:14]} Ba6 {[%emt 0:00:22]} 5. Qa4 {[%emt 0:00:07]} Bb7 {[%emt 0:00:14]} 6. Bg2 {[%emt 0:00:23]} c5 {[%emt 0:00:31]} 7. dxc5 {[%emt 0:00:05]} bxc5 {[%emt 0:00:12]} 8. O-O {[%emt 0:00:07]} Be7 {[%emt 0:00:18]} 9. Nc3 {[%emt 0:00:09]} O-O {[%emt 0:00:18]} 10. Rd1 {[%emt 0:00:08]} Qb6 {[%emt 0:00:30]} 11. Bf4 {[%emt 0:00:17]} d6 {[%emt 0:01:57]} 12. Rab1 {[%emt 0:02:15]} Nbd7 {[%emt 0:05:56]} 13. b4 {[%emt 0:02:07]} Rfb8 {[%emt 0:03:33]} 14. a3 {[%emt 0:09:39]} a6 {[%emt 0:03:48]} 15. Qc2 {[%emt 0:09:44]} Qc7 {[%emt 0:16:14]} 16. b5 {[%emt 0:04:24]} Nb6 {[%emt 0:05:30]} 17. bxa6 {[%emt 0:06:19]} Bxa6 {[%emt 0:06:29]} 18. Nd2 {[%emt 0:06:29]} Ra7 {[%emt 0:11:52]} 19. Qd3 {[%emt 0:07:38]} Nh5 {[%emt 0:04:48]} 20. Be3 {[%emt 0:08:57]} d5 {[%emt 0:01:31]} 21. Bf3 {[%emt 0:00:32]} Nf6 {[%emt 0:00:37]} 22. Nb5 {[%emt 0:05:37]} Bxb5 {[%emt 0:03:03]} 23. Rxb5 {[%emt 0:03:10]} dxc4 {[%emt 0:06:36]} 24. Nxc4 {[%emt 0:03:55]} Nxc4 {[%emt 0:00:03]} 25. Qxc4 {[%emt 0:00:43]} Rxa3 {[%emt 0:08:18]} 26. Bf4 {[%emt 0:02:47]} e5 {[%emt 0:00:09]} 27. Bg5 {[%emt 0:00:50]} Rxb5 {[%emt 0:02:17]} 28. Qxb5 {[%emt 0:00:14]} Ra5 {[%emt 0:00:07]} 29. Qc4 {[%emt 0:01:03]} Ra7 {[%emt 0:04:40]} 30. Bxf6 {[%emt 0:02:19]} Bxf6 {[%emt 0:00:04]} 31. Bd5 {[%emt 0:00:42]} g6 {[%emt 0:00:30]} 1/2-1/2

[Event "Chinese Chess League Men 2019"]
[Site "Daqing"]
[Date "2019.06.21"]
[Round "3.8"]
[White "Zhao, Yuanhe"]
[Black "Yu, Ruiyuan"]
[Result "1-0"]
[WhiteElo "2444"]
[BlackElo "2471"]
[Annotator "ChessBase"]
[PlyCount "63"]
[EventDate "2019.06.19"]
[EventType "team-tourn"]
[EventCountry "CHN"]
[SourceTitle "playchess.com"]
[Source "ChessBase"]
[SourceQuality "1"]
[TimeControl "5400+30"]

1. d4 {[%emt 0:00:00]} d5 {[%emt 0:00:00]} 2. c4 {[%emt 0:00:00]} c6 {[%emt 0:00:00]} 3. Nc3 {[%emt 0:00:00]} Nf6 {[%emt 0:00:23]} 4. cxd5 {[%emt 0:00:00]} cxd5 {[%emt 0:00:05]} 5. Bf4 {[%emt 0:00:00]} Nc6 {[%emt 0:00:24]} 6. Rc1 {[%emt 0:00:00]} Qb6 {[%emt 0:04:14]} 7. e3 {[%emt 0:01:25]} Bf5 {[%emt 0:05:56]} 8. Be2 {[%emt 0:16:21]} e6 {[%emt 0:02:20]} 9. Na4 {[%emt 0:01:36]} Qa5+ {[%emt 0:02:03]} 10. Kf1 {[%emt 0:00:10]} g5 {[%emt 0:21:28]} 11. Bxg5 {[%emt 0:10:41]} Ne4 {[%emt 0:00:07]} 12. Nf3 {[%emt 0:02:30]} Bg4 {[%emt 0:08:45]} 13. Bf4 {[%emt 0:00:25]} Rg8 {[%emt 0:00:18]} 14. Kg1 {[%emt 0:08:43]} Rc8 {[%emt 0:03:31]} 15. h3 {[%emt 0:06:53]} Bh5 {[%emt 0:04:17]} 16. a3 {[%emt 0:00:00]} Qd8 {[%emt 0:01:36]} 17. Nc3 {[%emt 0:02:35]} a6 {[%emt 0:03:08]} 18. Nd2 {[%emt 0:05:18]} Bxe2 {[%emt 0:02:23]} 19. Qxe2 {[%emt 0:00:26]} Nxd2 {[%emt 0:00:56]} 20. Qxd2 {[%emt 0:00:08]} Na5 {[%emt 0:00:47]} 21. Qd3 {[%emt 0:04:03]} Rg6 {[%emt 0:00:52]} 22. Kh2 {[%emt 0:01:15]} Nc4 {[%emt 0:00:43]} 23. Rc2 {[%emt 0:01:02]} f6 {[%emt 0:04:11]} 24. Rhc1 {[%emt 0:03:00]} Rc6 {[%emt 0:01:29]} 25. Ne2 {[%emt 0:02:27]} Qb6 {[%emt 0:02:58]} 26. Bg3 {[%emt 0:05:27]} Nxb2 {[%emt 0:02:52]} 27. Rxc6 {[%emt 0:00:31]} bxc6 {[%emt 0:00:14]} 28. Qc2 {[%emt 0:00:15]} Nc4 {[%emt 0:00:42]} 29. Nf4 {[%emt 0:04:35]} Rh6 {[%emt 0:00:14]} 30. Nxe6 {[%emt 0:01:17]} Bxa3 {[%emt 0:00:13]} 31. Rb1 {[%emt 0:00:52]} Bb4 {[%emt 0:00:19]} 32. Nc7+ {[%emt 0:02:16]} 1-0